000 00711cab a2200181 4500
001 WB2722-28
008 090401t1991 xxu||||| |||| 00| 0 eng d
035 _a(Sirsi) u1928
041 _aeng
245 _aLand tax sought to aid housing
260 _c1991
350 _a0
490 _aTimes
_v3/6/91 p2 Estates Times no 1099 7/6/91 p4
520 _aA priority to provide land for social housing and a development land tax to help subsidise it are recommended in a report "Planning for social housing" commissioned by the National Housing Forum an umbrella group representing local government and housing bodies in the private and public sectors.
690 _aHOUSING
942 _n0
948 _c04/03/1997
999 _c1132
_d1132